Actas de la Jornada sobre "Orientalismo, Ayer y Hoy" (Record no. 184529)

MARC details
000 -LEADER
campo de control de longitud fija 01294nam a2200301 i 4500
001 - NÚMERO DE CONTROL
campo de control 184529
003 - IDENTIFICADOR DE NÚMERO DE CONTROL
campo de control ES-MaACL
005 - FECHA Y HORA DE LA ÚLTIMA TRANSACCIÓN
campo de control 20250829062536.0
008 - DATOS DE LONGITUD FIJA--INFORMACIÓN GENERAL
campo de control de longitud fija 151016s2006 sp |||| | spa d
020 ## - NÚMERO INTERNACIONAL ESTÁNDAR DEL LIBRO
Número Internacional Estándar del Libro 84-362-5256-X
080 ## - NÚMERO DE LA CLASIFICACIÓN DECIMAL UNIVERSAL
Número de la Clasificación Decimal Universal 930.85(100):297:001.891(063)
080 ## - NÚMERO DE LA CLASIFICACIÓN DECIMAL UNIVERSAL
Número de la Clasificación Decimal Universal 930.85(4:5)(063)
111 2# - ENTRADA PRINCIPAL--NOMBRE DE CONGRESO/REUNIÓN
Nombre de congreso/reunión o jurisdicción como elemento de entrada Jornada sobre "Orientalismo, Ayer y Hoy" (
Número del congreso/reunión o número de parte o sección 1ª.
Fecha del congreso o de la firma del tratado 2005.
Sede del congreso/Lugar de la reunión Madrid)
9 (RLIN) 157913
245 10 - MENCIÓN DEL TÍTULO
Título Actas de la Jornada sobre "Orientalismo, Ayer y Hoy"
Resto del título : (entrecruce de percepciones) : (Madrid, 12 de marzo de 2005) /
Mención de responsabilidad, etc. Víctor Morales Lezcano, coordinación, edición de textos y debates ; con la colaboración de P. Martínez Montávez ... [et al.].
250 ## - MENCION DE EDICION
Mención de edición 1ª ed.
260 ## - PUBLICACIÓN, DISTRIBUCIÓN, ETC.
Lugar de publicación, distribución, etc. Madrid :
Nombre del editor, distribuidor, etc. Universidad Nacional de Educación a Distancia,
Fecha de publicación, distribución, etc. 2006.
300 ## - DESCRIPCIÓN FÍSICA
Extensión 155 p. ;
Dimensiones 24 cm.
490 1# - MENCIÓN DE SERIE
Mención de serie Actas y congresos
504 ## - NOTA DE BIBLIOGRAFÍA, ETC.
Nota de bibliografía, etc. Referencias bibliográficas.
650 07 - PUNTO DE ACCESO ADICIONAL DE MATERIA--TÉRMINO DE MATERIA
Término de materia o nombre geográfico como elemento de entrada Civilización musulmana-
Subdivisión de forma Congresos y asambleas.
9 (RLIN) 11100
650 #7 - PUNTO DE ACCESO ADICIONAL DE MATERIA--TÉRMINO DE MATERIA
Término de materia o nombre geográfico como elemento de entrada Oriente y Occidente-
Subdivisión de forma Congresos y asambleas.
9 (RLIN) 157914
700 1# - ENTRADA AGREGADA--NOMBRE PERSONAL
Nombre de persona Morales Lezcano, Víctor.
9 (RLIN) 83046
700 1# - ENTRADA AGREGADA--NOMBRE PERSONAL
Nombre de persona Martínez Montávez, Pedro.
9 (RLIN) 78252
710 2# - ENTRADA AGREGADA--NOMBRE DE ENTIDAD CORPORATIVA
Nombre de entidad corporativa o nombre de jurisdicción como elemento de entrada Universidad Nacional de Educación a Distancia (España)
9 (RLIN) 7405
830 0# - PUNTO DE ACCESO ADICIONAL DE SERIE-TÍTULO UNIFORME
Título uniforme Actas y congresos
9 (RLIN) 188073
852 ## - LOCALIZACIÓN
Ubicación ES-MaACL
Número de control de estantería N-6581
Holdings
Estatus retirado Estado de pérdida Estado de daño No para préstamo Biblioteca de origen Biblioteca actual Ubicación en estantería Fecha de adquisición Fuente de adquisición Total de préstamos Signatura topográfica completa Código de barras Visto por última vez Precio de reemplazo Tipo de ítem Koha
        Biblioteca del Ateneo de Madrid Biblioteca del Ateneo de Madrid Sala Pecera Depósito 2 16/10/2015     N-6581 1194261 23/02/2023 23/02/2023 Libro impreso